Дело по ревизии технической отчетности по постройке в 1854-1860 годах здания для Воронежской гимназии

Доступно только в Электронных читальных залах Найти на картеНа карте
RUSMARC
00003631nmc2a22002413x 450
001abff0629-0cfb-4425-a07f-642af7d7413f
00520230424201202.0
100##$a20221110l18701871k l0rusy0189 ca
1010#$arus
102##$aRU
105##$ay###
1222#$ad
2001#$aДело по ревизии технической отчетности по постройке в 1854-1860 годах здания для Воронежской гимназии
$j4 мая 1870 г. - 9 марта 1871 г.
215##$a14 л.
$d36,5х26 см
251##$cДело
300##$aНа обложке указано: "По бухгалтерии"
371##$aДокумент не является опубликованным и широко распространяемым
461#0$1001a74412a3-3cc5-4d21-8f0a-dfe2fbd9e72d
$12001
$aДепартамент народного просвещения Министерства народного просвещения (1803-1917)
$1251
$cФонд
$1852
$j733
462#0$100168ef73bb-909a-4bc7-ae4f-3def6f15d095
$12001
$aСчетный разряд. Сметный стол
$1251
$cОпись
$1852
$j214
801#0$aRU
$bРГИА
$c20221110
$gRCR
801#1$aRU
$bГлавНИВЦ
$c20221110
$2rusmarc
801#2$aRU
$bПБ им. Б.Н. Ельцина
$c20230424
$gRCR
$2rusmarc
850##$aРГИА
852##$aРГИА
$eФедеральное казенное учреждение "Российский государственный исторический архив" (РГИА)
$j30
937##$hРГИА
$d12393948
$aASBIBLIO_SCAN
035##$aRusGRCC00055824
856##$uhttp://readingroom.main.prlib.ru/item.aspx?id_node=n184849246&mode=full
Формат отображения